| 000 | 01169nmm a2200373 a 4500 | ||
|---|---|---|---|
| 003 | AR-BaBNM | ||
| 005 | 20251128211015.0 | ||
| 008 | 132020s[ca. ||||||||||||||000 | spa|| | ||
| 040 | _cAR-BaBNM | ||
| 110 | 1 |
_aRío Negro _bConsejo Provincial de Educación |
|
| 245 | 1 | 0 |
_aDiseño curricular _bEGB 1 y 2 |
| 260 |
_aRío Negro _bConsejo Provincial de Educación _c[ca. 1997] |
||
| 300 | _a459 p. | ||
| 504 | _aContiene referencias bibliográficas al final de cada capítulo | ||
| 650 | 4 | _aCURRICULO | |
| 650 | 4 | _aENSENANZA DE LAS MATEMATICAS | |
| 650 | 4 | _aENSENANZA DE LAS CIENCIAS SOCIALES | |
| 650 | 4 | _aEDUCACION ARTISTICA | |
| 650 | 4 | _aEDUCACION FISICA | |
| 651 | 4 | _aRío Negro | |
| 653 | _aENSENANZA DE LA LITERATURA | ||
| 653 | _aSEGUNDO CICLO DE LA EGB | ||
| 653 | _aDISENO CURRICULAR | ||
| 653 | _aCONTENIDOS CURRICULARES | ||
| 653 | _aESTRATEGIAS DIDACTICAS | ||
| 653 | _aORGANIZACION CURRICULAR | ||
| 653 | _aEXPECTATIVAS DE LOGRO | ||
| 653 | _aENSENANZA DE LA LENGUA | ||
| 653 | _aENSENANZA DE LAS CIENCIAS NATURALES | ||
| 653 | _aEDUCACION TECNOLOGICA | ||
| 653 | _aPRIMER CICLO DE LA EGB | ||
| 942 | _cBK | ||
| 998 | _craquel | ||
| 999 |
_c17855 _d17855 |
||